Reprezentacje, z którymi Polska wygrała co najmniej 2 mecze - Statystyki

Ogólne statystyki
  • Ten quiz został rozwiązany 119 razy
  • Średni wynik to 4 z 16
Answers on the Grid
Answers color-coded by a green-red scale on the quiz's grid according to % correct below.
Niemcy
Anglia
Holandia
Brazylia
Urugwaj
Argentyna
Hiszpania
Maroko
Portugalia
Chorwacja
Kolumbia
Francja
Chile
Egipt
Słowenia
Australia
Kamerun
Włochy
Nigeria
Ekwador
Meksyk
Chiny
Ghana
Belgia
Gwatemala
Szwajcaria
Indie
Czechy
Japonia
Paragwaj
Słowacja
Senegal
 
Statystyki odpowiedzi
Odpowiedź % Poprawnych
Niemcy
70%
Czechy
46%
Słowacja
37%
Słowenia
35%
Portugalia
33%
Belgia
32%
Holandia
29%
Włochy
29%
Szwajcaria
22%
Francja
21%
Meksyk
17%
Argentyna
16%
Japonia
14%
Chiny
3%
Kolumbia
3%
Maroko
2%
Nie znaleziono quizów pasujących do podanych kryteriów
Rozkład punktacji
Procent ludzi z każdym wynikiem
Percentyl według liczby udzielonych odpowiedzi
Twoja historia wyników
Nie rozwiązałeś tego quizu